000 00691nam a22001937a 4500
005 20251108174547.0
008 250721s2008 xx 000 0 ara d
082 1 4 _aط/371.33/طوي
100 1 _aطويق، عبد الاله
_eمؤلف
245 1 0 _aتصنيع الوسائل التعليمية لتعلم الرياضيات باستخدام خامات البيئة /
264 1 _aعمان :
_bدار عالم الثقافة للنشر،
_c2008.
300 _a140ص
650 1 7 _aطرق التعلم
650 1 7 _aوساال التدريس
650 1 7 _aالرياضيات
653 _aاطفال مرحله متوسطه (6-9) سنوات
942 _2ddc
_cBK
999 _c112291
_d112291